| 000 | 00409nam a2200169Ia 4500 | ||
|---|---|---|---|
| 008 | 230711s9999||||xx |||||||||||||| ||und|| | ||
| 020 | _a81-9070-116-9 | ||
| 041 | _aENG | ||
| 082 |
_a530.12 _bPR-A |
||
| 100 | _aPrakash,Satya | ||
| 245 | 0 | _aAdvanced Quantum Mechanics | |
| 250 | _a5th Ed. | ||
| 260 |
_c2018 _aMeerut _bKedar Nath Ram Nath Publication |
||
| 300 | _a613p. | ||
| 650 | _aPhysics | ||
| 942 | _cBK | ||
| 999 |
_c6781 _d6781 |
||